Las viudas de los jueves /

Guardado en:
Autor Principal: Piñeiro, Claudia
Formato: Libro
Publicado: Buenos Aires : Alfaguara, 2005
Materias:
Etiquetas: Agregar Etiqueta
Sin Etiquetas, Sea el primero en etiquetar este registro!
LEADER 00612nam a22002175a 4500
001 CEM.cems013276
005 20100826124236.0
008 130507s2005##################000#0#####d
003 CEMS
020 |a 9507827153 
082 0 4 |a A863.4 
100 1 |a Piñeiro, Claudia 
245 1 0 |a Las viudas de los jueves /  |c Claudia Piñeiro 
260 |a Buenos Aires :  |b Alfaguara,  |c 2005 
300 |a 320 p. 
500 |a Premio Clarín de Novela 2005 
653 |a Literatura 
653 |a Literatura argentina 
653 |a Novelas 
653 |a Novela argentina 
859 |a CEMS  |b BIB. CEMS - 11 de abril  |h A863.4  |i P658  |p 25752.09  |t Ej.1